[Event "Northumbria Masters 2018"]
[Site "Newcastle ENG"]
[Date "2018.02.18"]
[Round "9.15"]
[White "Abdulla, Murad"]
[Black "White, Stuart A"]
[Result "1-0"]
[WhiteTitle "FM"]
[WhiteElo "2260"]
[BlackElo "2107"]
[WhiteFideId "2403757"]
[BlackFideId "407747"]
[EventDate "2018.02.14"]

1. Nf3 d5 2. g3 Bg4 3. Bg2 Nd7 4. O-O c6 5. d3 Ngf6 6. c4 dxc4 7. dxc4 e5 8. Qc2
Qc7 9. Nc3 Be7 10. b3 O-O 11. Bb2 Rfe8 12. Rac1 Bf8 13. h3 Bh5 14. Nh4 Bc5 15.
a3 a5 16. Rfd1 e4 17. Na4 Bxf2+ 18. Kxf2 e3+ 19. Kg1 Qxg3 20. Nf5 Qf2+ 21. Kh1
Bxe2 22. Re1 Ne4 23. Bxe4 Rxe4 24. Nh6+ gxh6 25. Qxe2 Qxe2 26. Rxe2 f5 27. Rg1+
Kf8 28. Bg7+ Kf7 29. Bxh6 b5 30. Rg7+ Kf6 31. Nc3 Rh4 32. Rxh7 Rxh3+ 33. Kg2 Rh5
34. Rxd7 Rxh6 35. Rd6+ Kg5 36. Rxh6 Kxh6 37. cxb5 cxb5 38. Nxb5 f4 39. Kf3 Rf8
40. Rc2 Kg5 41. Nd4 1-0

[Event "Northumbria Masters 2018"]
[Site "Newcastle ENG"]
[Date "2018.02.18"]
[Round "9.16"]
[White "Storey, Charles H"]
[Black "Player, Edmund C"]
[Result "1-0"]
[WhiteTitle "FM"]
[WhiteElo "2262"]
[BlackElo "2172"]
[WhiteFideId "406686"]
[BlackFideId "406520"]
[EventDate "2018.02.14"]

1. e4 e6 2. d4 d5 3. Nd2 c5 4. exd5 Qxd5 5. Ngf3 cxd4 6. Bc4 Qd7 7. O-O Nc6 8.
Nb3 a6 9. Nbxd4 Nxd4 10. Nxd4 Qc7 11. Bd3 Bd6 12. h3 Ne7 13. Re1 O-O 14. Qh5 Ng6
15. Nf3 Qc5 16. Bxg6 hxg6 17. Qxc5 Bxc5 18. Be3 Bxe3 19. fxe3 Rd8 20. Red1 Bd7
21. Rd4 Kf8 22. Rad1 Ke7 23. Kf2 f6 24. e4 e5 25. Rd6 Bc6 26. Rxd8 Rxd8 27. Rxd8
Kxd8 28. Ke3 g5 29. c4 g4 30. hxg4 g5 31. Ne1 Bd7 32. Kf3 Be6 33. b3 b5 34. cxb5
axb5 35. Nc2 Kd7 36. Ne3 Kc6 37. Nf5 Kc5 38. Ng7 b4 1-0

[Event "Northumbria Masters 2018"]
[Site "Newcastle ENG"]
[Date "2018.02.18"]
[Round "9.17"]
[White "Moreby, James"]
[Black "Townsend, M Paul"]
[Result "0-1"]
[WhiteElo "2112"]
[BlackElo "2214"]
[WhiteFideId "427756"]
[BlackFideId "402320"]
[EventDate "2018.02.14"]

1. c4 e6 2. Nc3 d5 3. e3 Nf6 4. Nf3 c5 5. cxd5 exd5 6. d4 Nc6 7. Bb5 Bd6 8. dxc5
Bxc5 9. O-O O-O 10. b3 Bg4 11. Bxc6 bxc6 12. Bb2 Re8 13. Rc1 Rc8 14. Ne2 Bf8 15.
Ne5 Bxe2 16. Qxe2 Qb6 17. Rfd1 c5 18. Ng4 Nxg4 19. Qxg4 Red8 20. Rxd5 Rxd5 21.
Qxc8 Qa5 22. Qb7 Rd2 23. Be5 Qxa2 24. Rf1 Rd3 25. Qa8 Qxb3 26. Qxa7 Rd1 27. Qa6
c4 28. g3 Rxf1+ 29. Kxf1 Qd1+ 30. Kg2 Qd5+ 31. Kg1 Qd1+ 32. Kg2 Qd5+ 33. Kg1
Qxe5 34. Qxc4 Qc5 35. Qxc5 Bxc5 36. e4 Kf8 37. Kg2 Ke7 38. f4 Kd6 39. Kf3 Bg1
40. h4 Kc5 41. h5 Kd4 42. g4 Be3 43. e5 Bc1 44. g5 Kd5 45. Kg4 0-1

[Event "Northumbria Masters 2018"]
[Site "Newcastle ENG"]
[Date "2018.02.18"]
[Round "9.18"]
[White "Dalton, Joseph"]
[Black "Asenov, Pavel"]
[Result "1/2-1/2"]
[WhiteElo "2045"]
[BlackElo "2187"]
[WhiteFideId "427713"]
[BlackFideId "433705"]
[EventDate "2018.02.14"]

1. d4 Nf6 2. Nf3 g6 3. Nc3 d5 4. Bf4 c6 5. e3 Bg7 6. Be2 O-O 7. Ne5 Nfd7 8. h4
Nxe5 9. Bxe5 Bxe5 10. dxe5 Nd7 11. e6 fxe6 12. h5 e5 13. hxg6 hxg6 14. Bh5 Qe8
15. Qg4 Nf6 16. Qg3 Bf5 17. O-O-O Qf7 18. Rh4 Kg7 19. Rdh1 Rh8 20. Be2 d4 21.
exd4 exd4 22. Rxh8 Rxh8 23. Rxh8 Kxh8 24. Qh4+ Qh7 1/2-1/2

[Event "Northumbria Masters 2018"]
[Site "Newcastle ENG"]
[Date "2018.02.18"]
[Round "9.19"]
[White "Kalaiyalahan, Akshaya"]
[Black "Kane, Robert"]
[Result "1-0"]
[WhiteTitle "FM"]
[WhiteElo "2136"]
[BlackElo "1900"]
[WhiteFideId "422894"]
[BlackFideId "420468"]
[EventDate "2018.02.14"]

1. d4 d5 2. c4 e6 3. Nf3 c6 4. g3 f5 5. Bg2 Nf6 6. O-O Bd6 7. b3 O-O 8. Ba3 Bxa3
9. Nxa3 Qe7 10. Nc2 Nbd7 11. Nce1 dxc4 12. bxc4 e5 13. dxe5 Nxe5 14. Nxe5 Qxe5
15. Nd3 Qe7 16. Qc2 Ne4 17. Qb2 Re8 18. Rfe1 Nc5 19. Nxc5 Qxc5 20. Rac1 Be6 21.
Qxb7 Rec8 22. Qb3 Rab8 23. Qc3 Rb4 24. Qa3 Bxc4 25. e4 Qb6 26. exf5 Rb2 27. Qf3
Bxa2 28. Re2 Rb1 29. Rce1 Bc4 30. Re3 Rd8 31. f6 Rf8 32. Qg4 Qxe3 33. Qxg7# 1-0

[Event "Northumbria Masters 2018"]
[Site "Newcastle ENG"]
[Date "2018.02.18"]
[Round "9.20"]
[White "Longson, Sarah N"]
[Black "Nandi, Robin J"]
[Result "1-0"]
[WhiteTitle "WFM"]
[WhiteElo "2124"]
[BlackElo "1815"]
[WhiteFideId "2501465"]
[BlackFideId "434604"]
[EventDate "2018.02.14"]

1. e4 e5 2. Nf3 Nc6 3. Bc4 Nf6 4. d3 Bc5 5. O-O O-O 6. Re1 d6 7. c3 Bb6 8. Bb3
Re8 9. Nbd2 Ne7 10. Nc4 Ng6 11. Nxb6 axb6 12. d4 Qe7 13. Bc2 Bd7 14. h3 Bc6 15.
Nd2 Nf4 16. Nf1 N6h5 17. Qf3 Qh4 18. Qg4 Ng6 19. g3 Qxg4 20. hxg4 Nf6 21. g5 Nd7
22. d5 Bb5 23. Ne3 Nc5 24. c4 Bd7 25. Bd2 Ra7 26. b4 Na4 27. Kg2 Rc8 28. Bb3 Rf8
29. Nf5 f6 30. g4 Nb2 31. gxf6 Rxf6 32. Bg5 Rf7 33. Re3 h6 34. Rb1 Na4 35. Bxh6
gxh6 36. Nxh6+ Kg7 37. Nxf7 Nf4+ 38. Kg3 Kxf7 39. Rh1 Kg7 40. f3 Ra8 41. Rh2 Rh8
42. Rxh8 Kxh8 43. Bxa4 Bxa4 44. Ra3 b5 45. cxb5 Bxb5 46. Ra8+ Kg7 47. Rc8 c6 48.
Rc7+ Kg6 49. Rxb7 Ne2+ 50. Kf2 Nd4 51. Rd7 cxd5 52. Rxd6+ Kg5 53. Rxd5 Kf4 54.
Rd8 Nc6 55. Rf8+ Kg5 56. a3 Nd4 57. Rf7 Bc4 58. Rc7 Bb5 59. Ke3 Nc2+ 60. Rxc2 1-0

[Event "Northumbria Masters 2018"]
[Site "Newcastle ENG"]
[Date "2018.02.18"]
[Round "9.21"]
[White "Garrett, Peter A"]
[Black "Izod, Chris"]
[Result "0-1"]
[WhiteElo "1685"]
[BlackElo "1882"]
[WhiteFideId "420611"]
[BlackFideId "429716"]
[EventDate "2018.02.14"]

1. e4 e6 2. d4 d5 3. exd5 exd5 4. c4 Nf6 5. Nc3 Bb4 6. Nf3 O-O 7. Bd3 dxc4 8.
Bxc4 Bg4 9. Be3 Nc6 10. Be2 Qd6 11. O-O a6 12. Rc1 Rad8 13. Qa4 Ne7 14. Ne5 b5
15. Qc2 Bf5 16. Bd3 Bxd3 17. Nxd3 Ba5 18. Ne2 Nfd5 19. Bg5 Nb4 20. Nxb4 Qxb4 21.
a3 Qd6 22. Rfd1 f6 23. Bf4 Qd5 24. Qd3 Rd7 25. Rc5 Qf7 26. Qh3 Rfd8 27. Qg3 Nd5
28. Rdc1 Qe7 29. Nc3 Nxf4 30. Qxf4 Rxd4 31. Qf3 Qxc5 0-1

[Event "Northumbria Masters 2018"]
[Site "Newcastle ENG"]
[Date "2018.02.18"]
[Round "9.22"]
[White "Spanton, Tim R"]
[Black "Han, Yichen"]
[Result "0-1"]
[WhiteElo "1901"]
[BlackElo "1998"]
[WhiteFideId "404802"]
[BlackFideId "1054430"]
[EventDate "2018.02.14"]

1. c4 Nf6 2. Nc3 g6 3. g3 Bg7 4. Bg2 O-O 5. d3 d6 6. e4 c5 7. Nge2 Nc6 8. O-O a6
9. h3 Rb8 10. f4 Bd7 11. Kh2 b5 12. Rb1 e6 13. b3 Ne7 14. Qc2 Bc6 15. g4 Nd7 16.
g5 Nb6 17. Be3 Qd7 18. Ng3 f5 19. gxf6 Bxf6 20. Nd1 Rfc8 21. Nf2 Ba8 22. Ng4 Bg7
23. Qd2 h5 24. Nf2 d5 25. f5 dxc4 26. fxe6 Qxe6 27. bxc4 bxc4 28. h4 Be5 29. Bh3
Qd6 30. Nh1 Rd8 31. Qa5 Nc6 32. Qxc5 Qxc5 33. Bxc5 Na4 34. Be6+ Kh8 35. Rxb8
Rxb8 36. d4 Nxd4 37. Bxd4 Bxd4 38. Bxc4 Nc3 39. Bxa6 Nxe4 40. Bd3 Nd2 41. Rf7
Nf3+ 42. Rxf3 Bxf3 43. Ne2 Bxe2 44. Bxe2 Rb2 0-1

[Event "Northumbria Masters 2018"]
[Site "Newcastle ENG"]
[Date "2018.02.18"]
[Round "9.23"]
[White "Younger, Mark"]
[Black "Zhang, Zheming"]
[Result "0-1"]
[WhiteElo "1720"]
[BlackElo "1900"]
[WhiteFideId "454354"]
[BlackFideId "430757"]
[EventDate "2018.02.14"]

1. d4 e6 2. e4 d5 3. Nd2 Nf6 4. e5 Nfd7 5. Bd3 c5 6. c3 Nc6 7. Ngf3 cxd4 8. cxd4
f6 9. exf6 Nxf6 10. O-O Bd6 11. Re1 O-O 12. Nf1 Qc7 13. Bg5 Bd7 14. Rc1 Rae8 15.
Bb1 Qb8 16. a3 h6 17. Bh4 e5 18. dxe5 Nxe5 19. Nxe5 Rxe5 20. Rxe5 Bxe5 21. Bxf6
Rxf6 22. Qxd5+ Be6 23. Qd3 Bxb2 24. Re1 Qf4 25. Qe3 Qxe3 26. Rxe3 Bd4 27. Re2
Bf7 28. Rd2 Bb6 29. Ba2 Rxf2 30. Bxf7+ Rxf7+ 0-1